00370nam a2200145Ia 4500003000400000005001700004008004100021020001500062040001800077082001900095100002500114245003700139260004000176300000800216OSt20200606120049.0190216s9999||||xx |||||||||||||| ||und|| a8185127166 cMESKC library a891.432bACH/P aAcharya, Nandkishore 0aPagalghar /cNandkishore Acharya bVagdevi Prakashan,aBikaner:c1988. a84p